| 000 | 00000nam##2200000za#4500 |
| 001 | 9.570484 |
| 003 | CaOODSP |
| 005 | 20220302142615 |
| 007 | cr ||||||||||| |
| 008 | 150406|2006||||xxc|||||o f|0| 0 eng|d |
| 040 | |aCaOODSP|beng |
| 043 | |an-cn--- |
| 086 | 1 |aIu182-2/2006-D-15E-PDF |
| 110 | 1 |aCanada. |bIndustry Canada. |bMicro-Economic Policy Analysis Branch. |
| 245 | 14|aThe international mobility of the highly skilled : |h[electronic resource]|ba case study of the biotechnology sector in Vancouver, B.C. / |c[by] Kathrine Richardson. |
| 260 | |aOttawa - Ontario : |bIndustry Canada. |
| 300 | |a48p.|bgraph |
| 490 | 1 |aSkills Research Initiative - Working paper series|v2006 D-15 |
| 504 | |aBibliography. |
| 546 | |a(Résumé en français.) |
| 590 | |a12-10-Supp|b2012-03-23 |
| 720 | 1 |aRichardson, Kathrine |
| 830 | #0|aSkills Research Initiative working paper series ;|v2006 D-15|w(CaOODSP)9.506390 |
| 856 | 40|ahttp://publications.gc.ca|qPDF|s578 KB|uhttps://publications.gc.ca/collections/collection_2011/ic/Iu182-2-2006-D-15-eng.pdf|y2006 D-15 |